000
00311nam a22001337a 4500
008
181030b xxu||||| |||| 00| 0 eng d
020
_a
0803693214
041
_a
eng
080
_a
610
100
_a
4
101
_a
SHM
245
_a
Clinical Interpretation of Laboratory Tests
_c
Widmann,F.K
942
_2
udc
_c
BK
999
_c
51089
_d
51089